| 000 | 00536nam a2200181 i 4500 | ||
|---|---|---|---|
| 001 | 90617 | ||
| 003 | ES-MaACL | ||
| 005 | 20230906180517.0 | ||
| 007 | t| | ||
| 008 | 050121s1906 fr ||||1| fre d | ||
| 100 | 1 |
_aLehr, Ernest. _971355 |
|
| 245 | 1 | 0 |
_aElements de Droit Civil Anglais / _cpar Ernest Lehr. |
| 250 |
_a2ème éd. _brevué par Jacques Dumas. |
||
| 260 |
_aParis : _b[s.n.], _c1906 ( _eBar-le-Duc : _fContant Laguerre) |
||
| 300 |
_a2 v. ; _c23 cm. |
||
| 700 | 1 |
_aDumas, Jacques. _945988 |
|
| 852 |
_aES-MaACL _jF-1748-49 |
||
| 999 |
_c90617 _d90617 |
||